000 00570nam a22001697a 4500
003 OSt
005 20120302144000.0
008 090212t xxu||||| |||| 00| 0 eng d
035 _a३१८
040 _cमराठी
100 _aदेशमुख , माधव गोपाळ
_9914
245 _aभावगंध (वाड्.मय- समिक्षा- विषयक तत्वविचार)
250 _a१ ली
260 _aअकोला
_bविदर्भ
_c१९५५
300 _b१९२ पाने
942 _2ddc
_cBOOK
999 _c486254
_d486251